000 00761nam a2200205 i 4500
001 88598
003 ES-MaACL
005 20230906175905.0
007 t|
008 050105s1903 fr ||||1| fre d
100 1 _aLambert, Edouard.
_969808
245 1 3 _aLa fonction du Droit civil comparé /
_cEdouard Lambert.
260 _aParís :
_bV. Giard et E. Brière,
_c1903 (
_eSaint-Amand, Cher :
_fBussière)
300 _aXXIV, 927 p. ;
_c23 cm.
490 1 _aEtudes de Droit Commun Legislatif ou de Droit Civil Comparé. 1er Serie
505 8 _aContiene: T. I: Les conceptions étroites ou unilaterales
830 0 _aEtudes de Droit Commun Legislatif ou de Droit Civil Comparé. 1er Serie
_9231836
852 _aES-MaACL
_jB-13590
999 _c88598
_d88598